Training manual on energy efficiency for small and medium enterprises.
| Format: | Book |
|---|---|
| Published: |
Tokyo:
Asian Productivity Organization,
2010.
|
| Subjects: |
| LEADER | 00501cam a2200157 7i4500 | ||
|---|---|---|---|
| 001 | 0000025233 | ||
| 005 | 20101203090000.0 | ||
| 090 | 0 | 0 | |a I 333.79 |b TRA |
| 245 | 0 | 0 | |a Training manual on energy efficiency for small and medium enterprises. |
| 260 | 0 | 0 | |a Tokyo: |b Asian Productivity Organization, |c 2010. |
| 300 | # | # | |a 127 p. |
| 650 | 0 | 0 | |a Small and medium enterprises |
| 650 | 0 | 0 | |a Energy industries |
| 650 | 0 | 0 | |a Fuels |
| 650 | 0 | 0 | |a Energy efficiency |
| 999 | |a 0000027912 |b Book |c International |e Business Information Centre | ||